000 00611cam a22002053a 4500
001 39950
003 PGUSA
005 20140828083906.0
008 120608s2012||||xxu|||||s|||||000 | eng d
040 _aPGUSA
_beng
042 _adc
100 1 _aGibbs, Philip,
_d1877-1962
245 1 0 _aPeople of Destiny :
_bAmericans as I saw them at Home and Abroad
_h[electronic resource] /
_cPhilip Gibbs
260 _bProject Gutenberg,
_c2012
506 _aPublic domain in the USA.
516 _aElectronic text
830 0 _aProject Gutenberg
_v39950
856 4 0 _uhttp://www.gutenberg.org/ebooks/39950
942 _cEB
999 _c269203
_d269203